000 01148nam0a22002531 4500
001 rc\4285429
005 20130416122822.4
021 _aRU
_bРг9002-61
035 _a(NLR Aleph) 008249091
090 _a8324362
_c8324362
100 _a20130416d1961 |||y0rusy50 ca
101 0 _arus
102 _aRU
105 _aa z |||||
200 1 _aМетодическое руководство к заданию № 1 по теоретической механике
_eДля студентов технол. фак.
_fМ-во торг. РСФСР. Моск. ордена Труд. Красного Знамени ин-т нар. хоз. им. Г.В. Плеханова. Кафедра высш. математики и теорет. механики
210 _aМосква
_cБ. и.
_d1961
215 _a24 с., 1 л. черт.
_cчерт.
_d22
700 1 _aАронзон
_bИ. М.
712 0 2 _aМосковский институт народного хозяйства им. Г. В. Плеханова
_3RU\NLR\AUTH\8810065924
801 0 _aRU
_bNLR
_gpsbo
801 1 _aRU
_bELAR
_2rusmarc
852 _aNLR
_j61-6/9269
942 _cBOOK
980 _aNB